Fit to be tied: (Record no. 4692)

MARC details
000 -LEADER
fixed length control field 00618nam a22002057a 4500
003 - CONTROL NUMBER IDENTIFIER
control field OSt
005 - DATE AND TIME OF LATEST TRANSACTION
control field 20251024011517.0
008 - FIXED-LENGTH DATA ELEMENTS--GENERAL INFORMATION
fixed length control field 251008b |||||||| |||| 00| 0 eng d
020 ## - INTERNATIONAL STANDARD BOOK NUMBER
International Standard Book Number 971-789-041-2.
040 ## - CATALOGING SOURCE
Original cataloging agency DWCL-Main lib
Transcribing agency OC
082 ## - DEWEY DECIMAL CLASSIFICATION NUMBER
Classification number Circ. 646.88 H999f 1991
100 ## - MAIN ENTRY--PERSONAL NAME
Personal name Lynne Heybels
245 ## - TITLE STATEMENT
Title Fit to be tied:
Remainder of title making marriage last a lifetime
260 ## - PUBLICATION, DISTRIBUTION, ETC.
Place of publication, distribution, etc. Michigan:
Name of publisher, distributor, etc. Zondervan Publishing House,
Date of publication, distribution, etc. c1991.
300 ## - PHYSICAL DESCRIPTION
Extent 234 pages ;
Dimensions 20 cm.
650 ## - SUBJECT ADDED ENTRY--TOPICAL TERM
Source of heading or term 1. Marriage - Religious Aspects - Christianity.
650 ## - SUBJECT ADDED ENTRY--TOPICAL TERM
Source of heading or term 2. Marriage - U.S.
700 ## - ADDED ENTRY--PERSONAL NAME
Personal name Heybels, Bill
942 ## - ADDED ENTRY ELEMENTS (KOHA)
Source of classification or shelving scheme Dewey Decimal Classification
Koha item type Book Circulation
Call number prefix Circ.
Suppress in OPAC No
952 ## - LOCATION AND ITEM INFORMATION (KOHA)
--
Holdings
Withdrawn status Lost status Source of classification or shelving scheme Damaged status Not for loan Home library Current library Shelving location Date acquired Cost, normal purchase price Total Checkouts Full call number Barcode Date last seen Copy number Price effective from Koha item type Uniform Resource Identifier
    Dewey Decimal Classification     College Library College Library Circulation 02/18/2009 0.00   Circ. 646.88 H999f 1991 46487 10/08/2025 c1 10/08/2025 BK-CIRC